书目信息 |
| 题名: |
从绿带到黑带
|
|
| 作者: | 王双忠 编著 | |
| 分册: | 威力卷 | |
| 出版信息: | 北京 北京体育大学出版社 2002 |
|
| 页数: | 353页 | |
| 开本: | 20cm | |
| 丛书名: | ||
| 单 册: | ||
| 中图分类: | G886.9 | |
| 科图分类: | ||
| 主题词: | 跆拳道--教材 , CT--S902521--跆拳道 | |
| 电子资源: | ||
| ISBN: | 7-81051-823-2 | |
| 000 | 01055nam0 2200277 45 | |
| 001 | 002180115 | |
| 005 | 20031219104108.3 | |
| 010 | @a7-81051-823-2@dCNY22.00 | |
| 100 | @a20021028d2002 em y0chiy0110 ea | |
| 101 | 0 | @achi@deng |
| 102 | @aCN@b110000 | |
| 105 | @aa z 000yy | |
| 106 | @ar | |
| 200 | 1 | @a从绿带到黑带@9cong lü dai dao hei dai@e道馆式跆拳道@i威力卷@f王双忠编著 |
| 210 | @a北京@c北京体育大学出版社@d2002 | |
| 215 | @a353页@c图@d20cm | |
| 300 | @a跆拳道道馆考级参考教材 | |
| 314 | @a王双忠,浙江金华人,上海市跆拳道协会副秘书长,上海黑带跆拳道俱乐部总经理,编著有《从绿带到黑带:道馆式跆拳道》等。 | |
| 330 | @a跆拳道白、黄、绿、红、黑的色带,代表不同的修炼阶段,每条色带对应不同的技术动作、战术能力,本书介绍的是道馆式跆拳道从黑带到白带的练习方法及威力展示。 | |
| 517 | 1 | @a道馆式跆拳道@9dao guan shi tai quan dao@i威力卷 |
| 606 | 0 | @a跆拳道@j教材 |
| 606 | 0 | @2CT@3S902521@a跆拳道 |
| 690 | @aG886.9@v4 | |
| 701 | 0 | @a王双忠@9wang shuang zhong@4编著 |
| 801 | @aCN@bTSTC@c20030402 | |
| 905 | @b321791-793@dG886.9@e15:2@f3 | |
| 从绿带到黑带:道馆式跆拳道.威力卷/王双忠编著.-北京:北京体育大学出版社,2002 |
| 353页:图;20cm |
| 跆拳道道馆考级参考教材 |
| ISBN 7-81051-823-2:CNY22.00 |
| 跆拳道白、黄、绿、红、黑的色带,代表不同的修炼阶段,每条色带对应不同的技术动作、战术能力,本书介绍的是道馆式跆拳道从黑带到白带的练习方法及威力展示。 |
| ● |
| 相关链接 |
|
|
|
|
正题名:从绿带到黑带
索取号:G886.9/15:2
 
预约/预借
| 序号 | 登录号 | 条形码 | 馆藏地/架位号 | 状态 | 备注 |
| 1 | 0321791 | 203217919 | 第四借阅区/ [索取号:G886.9/15:2] | 在馆 | |
| 2 | 0321792 | 203217928 | 第四借阅区/ [索取号:G886.9/15:2] | 在馆 | |
| 3 | 0321793 | 203217937 | 第一样本阅览室/ [索取号:G886.9/15:2] | 在馆 |